| 000 | 00730nam a2200217 a 4500 | ||
|---|---|---|---|
| 001 | 000022776 | ||
| 005 | 20200930021806.0 | ||
| 008 | 101118s1991 sp 000 0 spa d | ||
| 020 | _a8477748616 | ||
| 040 |
_aDO-SdBNP _bspa _cBNPHU |
||
| 082 |
_axxxx _bH3313e |
||
| 100 | 1 |
_aHarris, James W. _946794 |
|
| 245 | 1 | 3 |
_aLa estructura silábica y el acento en español análisis no lineal / _cJames W. Harris ; traducción Olga Fernández Soriano. |
| 260 |
_aMadrid, : _bVisor, _c1991. |
||
| 300 |
_a208 p. ; _c24 cm. |
||
| 490 | 1 |
_aLingüística y conocimiento _v11 |
|
| 504 | _aBibliografías : p. 201-205 | ||
| 700 | 1 |
_aFernández Soriano, Olga, _etr. _946795 |
|
| 830 | 0 |
_aLingüística conocimiento _n11 _946796 |
|
| 049 | _aBNPD | ||
| 999 |
_c22273 _d22273 |
||